| 000 | 01346cam a2200325 a 4500 | ||
|---|---|---|---|
| 001 | 12893851 | ||
| 003 | OSt | ||
| 005 | 20180830141641.0 | ||
| 008 | 020813s2002 enka b 001 0 eng | ||
| 010 | _a 2002511331 | ||
| 015 | _aGBA1-Y2631 | ||
| 020 | _a0340760508 (hb) | ||
| 020 | _a0340760516 (pb) | ||
| 035 | _a(OCoLC)ocm46694558 | ||
| 040 |
_aUKM _cUKM _dJ2H _dCUS _dDLC |
||
| 042 | _alccopycat | ||
| 050 | 0 | 0 |
_aHD75 _b.C655 2002 |
| 082 | 0 | 4 |
_a303.44 _221 _bCOM 2002 |
| 100 |
_aEdited by Vandana, Desai; Potter.Robert B. _912665 |
||
| 245 | 0 | 4 | _aThe Companion to Development Studies |
| 260 |
_bOxford University Press, _c2002. |
||
| 300 |
_axiv, 562 p. : _bill. ; _c26 cm. |
||
| 504 | _aIncludes bibliographical references and index. | ||
| 505 | 0 | _aThe nature of development and of development studies -- Theories and strategies of development -- Rural development -- Industrialization and employment -- Urbanization -- Environment -- Gender, population and development -- Health and education -- Political economy of violence and insecurity -- Agents of development. | |
| 650 | 0 |
_aDevelopment economics. _97021 |
|
| 650 | 0 |
_aPolitical economy _9971 |
|
| 856 | 4 | 2 |
_3Publisher description _uhttp://www.loc.gov/catdir/enhancements/fy0614/2002511331-d.html |
| 906 |
_a7 _bcbc _ccopycat _d2 _encip _f20 _gy-gencatlg |
||
| 942 |
_2ddc _cSLOAN |
||
| 999 |
_c3146 _d3146 |
||